[Event "NED-ch U18"]
[Site "Rotterdam"]
[Date "2016.05.07"]
[Round "9"]
[White "Van Meegen, Ruud"]
[Black "Corstjens, Rolf"]
[Result "1-0"]
[WhiteElo "2113"]
[BlackElo "2057"]
[PlyCount "99"]
[EventDate "2016.04.29"]
[EventType "swiss"]
[EventRounds "9"]
[EventCountry "NED"]
[SourceTitle "CBM 172 Extra"]
[Source "ChessBase"]
[SourceDate "2016.06.21"]
[SourceVersion "1"]
[SourceVersionDate "2016.06.21"]
[SourceQuality "1"]

1. e4 e6 2. d4 d5 3. Nc3 Bb4 4. e5 Ne7 5. a3 Bxc3+ 6. bxc3 c5 7. Qg4 Qc7 8. Qxg7 Rg8 9. Qxh7 cxd4 10. Ne2 Nbc6 11. f4 Bd7 12. Qd3 dxc3 13. Qxc3 0-0-0 14. Rb1 Nf5 15. Rg1 Ncd4 16. Qxc7+ Kxc7 17. Nxd4 Nxd4 18. Kf2 Nxc2 19. Bd3 Nd4 20. Be3 Nc6 21. Bc5 b6 22. Bd6+ Kb7 23. h4 Be8 24. g4 Rc8 25. h5 Na5 26. h6 Rc3 27. Ke2 Rh8 28. Bb4 Rxd3 29. Kxd3 Nc6 30. Rh1 Rh7 31. Rbc1 a5 32. Bf8 b5 33. Rb1 Ka6 34. Rb2 a4 35. Rc1 Bd7 36. Bg7 Kb6 37. Rf2 Na5 38. Rc3 Nc4 39. Kd4 Kc6 40. Rh2 Kb6 41. Rh5 Nd2 42. Bf8 Ne4 43. Rc2 Ng3 44. Rg5 Rh8 45. Bc5+ Kc7 46. Rh2 Nf1 47. Rh3 Nd2 48. Bd6+ Kc6 49. h7 Nf3+ 50. Rxf3 1-0

[Event "NED-ch U18"]
[Site "Rotterdam"]
[Date "2016.05.05"]
[Round "7"]
[White "Corstjens, Rolf"]
[Black "Mullink, Jochem"]
[Result "1/2-1/2"]
[WhiteElo "2057"]
[BlackElo "1974"]
[PlyCount "59"]
[EventDate "2016.04.29"]
[EventType "swiss"]
[EventRounds "9"]
[EventCountry "NED"]
[SourceTitle "CBM 172 Extra"]
[Source "ChessBase"]
[SourceDate "2016.06.21"]
[SourceVersion "1"]
[SourceVersionDate "2016.06.21"]
[SourceQuality "1"]

1. e4 c5 2. Nc3 Nc6 3. Nge2 g6 4. g3 Bg7 5. Bg2 d6 6. d3 Rb8 7. a4 e6 8. Be3 a6 9. f4 Nge7 10. 0-0 Nd4 11. g4 Nec6 12. Ng3 b5 13. axb5 axb5 14. Rb1 0-0 15. g5 f6 16. gxf6 Qxf6 17. Qd2 b4 18. e5 Qd8 19. Nce4 dxe5 20. c3 bxc3 21. bxc3 Rxb1 22. Rxb1 exf4 23. Bxf4 Nf5 24. Nxc5 Nce7 25. Nge4 Nd5 26. Bg5 Qa5 27. c4 Bd4+ 28. Kh1 Qxd2 29. Bxd2 Nde3 30. Bh3 1/2-1/2

[Event "NED-ch U18"]
[Site "Rotterdam"]
[Date "2016.05.04"]
[Round "6"]
[White "Halfhide, Sebastian"]
[Black "Corstjens, Rolf"]
[Result "1/2-1/2"]
[WhiteElo "2205"]
[BlackElo "2057"]
[PlyCount "108"]
[EventDate "2016.04.29"]
[EventType "swiss"]
[EventRounds "9"]
[EventCountry "NED"]
[SourceTitle "CBM 172 Extra"]
[Source "ChessBase"]
[SourceDate "2016.06.21"]
[SourceVersion "1"]
[SourceVersionDate "2016.06.21"]
[SourceQuality "1"]

1. e4 e6 2. d4 d5 3. Nc3 Bb4 4. e5 Ne7 5. a3 Bxc3+ 6. bxc3 c5 7. Qg4 Qc7 8. Qxg7 Rg8 9. Qxh7 cxd4 10. Ne2 Nbc6 11. f4 Bd7 12. h3 0-0-0 13. Qd3 dxc3 14. g4 d4 15. Bg2 Be8 16. 0-0 Qb6 17. Ng3 Nd5 18. Kh2 Rh8 19. Ne4 Na5 20. Rd1 Bb5 21. Qxd4 Qxd4 22. Rxd4 Nc6 23. Rd1 Be2 24. Re1 Nd4 25. Rb1 Bxg4 26. Nd6+ Rxd6 27. exd6 Bxh3 28. Bxh3 Nf3+ 29. Kg3 Nxe1 30. f5 Rxh3+ 31. Kxh3 Nxc2 32. d7+ Kxd7 33. Rxb7+ Kc6 34. Rxa7 exf5 35. Rxf7 Nd4 36. a4 Nb3 37. Ba3 Ne3 38. a5 Nxa5 39. Bb4 Nac4 40. Bxc3 Kd5 41. Kg3 Ke4 42. Re7+ Kd3 43. Bg7 f4+ 44. Kf2 Nd5 45. Re8 Nd2 46. Ra8 Ne4+ 47. Kf3 Nd2+ 48. Kg4 f3 49. Ra3+ Ke2 50. Bd4 f2 51. Bxf2 Kxf2 52. Rd3 Nc4 53. Rxd5 Ne3+ 54. Kf4 Nxd5+ 1/2-1/2

[Event "Leiden op-A 9th"]
[Site "Leiden"]
[Date "2015.07.20"]
[Round "4"]
[White "Van der Raaf, Erik"]
[Black "Corstjens, Rolf"]
[Result "0-1"]
[WhiteElo "2110"]
[BlackElo "1953"]
[PlyCount "62"]
[EventDate "2015.07.17"]
[EventType "swiss"]
[EventRounds "9"]
[EventCountry "NED"]
[SourceTitle "CBM 167 Extra"]
[Source "ChessBase"]
[SourceDate "2015.09.14"]
[SourceVersion "1"]
[SourceVersionDate "2015.09.14"]
[SourceQuality "1"]

1. e4 e6 2. d4 d5 3. e5 c5 4. c3 Nc6 5. Nf3 Qb6 6. Bd3 cxd4 7. cxd4 Bd7 8. 0-0 Nxd4 9. Nbd2 Nxf3+ 10. Nxf3 Ne7 11. b4 Nc6 12. a3 a5 13. b5 Nd4 14. Ng5 g6 15. Be3 Bc5 16. Rc1 Nb3 17. Rxc5 Nxc5 18. Qf3 0-0 19. Nxh7 Kxh7 20. Qh3+ Kg8 21. Bg5 f5 22. exf6 e5 23. Qh6 Rxf6 24. Bxf6 Qxf6 25. Bxg6 Qg7 26. Qh5 Ne6 27. g3 Bxb5 28. Re1 Ra6 29. Rxe5 Nf4 30. gxf4 Rxg6+ 31. Rg5 Rxg5+ 0-1

[Event "Leiden Noteboom Memorial 75th"]
[Site "Leiden"]
[Date "2015.02.15"]
[Round "6"]
[White "Beukema, Stefan"]
[Black "Corstjens, Rolf"]
[Result "0-1"]
[WhiteElo "2345"]
[BlackElo "1897"]
[PlyCount "76"]
[EventDate "2015.02.13"]
[EventType "swiss"]
[EventRounds "6"]
[EventCountry "NED"]
[SourceTitle "CBM 164 Extra"]
[Source "ChessBase"]
[SourceDate "2015.03.02"]
[SourceVersion "1"]
[SourceVersionDate "2015.03.02"]
[SourceQuality "1"]

1. e4 e6 2. d4 d5 3. Nc3 Bb4 4. e5 Ne7 5. a3 Bxc3+ 6. bxc3 c5 7. Qg4 0-0 8. Bd3 Nbc6 9. Nf3 f5 10. exf6 Rxf6 11. Bg5 Rf7 12. Qh5 g6 13. Qh4 Qa5 14. Bd2 c4 15. Be2 Nf5 16. Qg5 Bd7 17. h4 h6 18. Qg4 e5 19. Nxe5 Nxe5 20. dxe5 Ne3 21. Qg3 Nxc2+ 22. Kf1 Nxa1 23. e6 Rf6 24. exd7 Qb5 25. Kg1 Qxd7 26. Kh2 Nb3 27. Bf4 Nc5 28. Bg4 Qf7 29. Bxh6 Ne4 30. Qe3 Nxf2 31. Bf3 Nxh1 32. Kxh1 Kh7 33. Bg5 Re8 34. Qf2 Rxf3 35. gxf3 Qe6 36. Qxa7 Qh3+ 37. Kg1 Qg3+ 38. Kf1 Re1# 0-1

[Event "Leiden op-A 8th"]
[Site "Leiden"]
[Date "2014.07.12"]
[Round "2"]
[White "Corstjens, Rolf"]
[Black "Bitalzadeh, Ali"]
[Result "0-1"]
[WhiteElo "1825"]
[BlackElo "2416"]
[PlyCount "58"]
[EventDate "2014.07.11"]
[EventType "swiss"]
[EventRounds "9"]
[EventCountry "NED"]
[SourceTitle "CBM 161 Extra"]
[Source "ChessBase"]
[SourceDate "2014.08.29"]
[SourceVersion "1"]
[SourceVersionDate "2014.08.29"]
[SourceQuality "1"]

1. e4 c5 2. Nc3 Nc6 3. g3 g6 4. Bg2 Bg7 5. d3 d6 6. Nge2 Rb8 7. 0-0 b5 8. a4 b4 9. Nd5 e6 10. Ne3 Nge7 11. f4 f5 12. exf5 gxf5 13. c3 Ba6 14. Re1 bxc3 15. Nxc3 0-0 16. Nc2 Qd7 17. Na3 Nd4 18. Nab5 Nec6 19. Be3 Nxb5 20. axb5 Bxb5 21. Nxb5 Rxb5 22. Bxc6 Qxc6 23. Bc1 Bd4+ 24. Re3 Bxe3+ 25. Bxe3 Rxb2 26. Bf2 Rfb8 27. Rc1 Rxf2 28. Kxf2 Rb2+ 29. Rc2 Qa4 0-1

[Event "NED-ch U14 op"]
[Site "Borne"]
[Date "2013.08.06"]
[Round "2"]
[White "Corstjens, Rolf"]
[Black "Wouters, Casper"]
[Result "1-0"]
[WhiteElo "1830"]
[BlackElo "1561"]
[PlyCount "95"]
[EventDate "2013.08.05"]
[EventType "swiss"]
[EventRounds "9"]
[EventCountry "NED"]
[SourceTitle "EXT 2015"]
[Source "ChessBase"]
[SourceDate "2014.11.20"]
[SourceVersion "1"]
[SourceVersionDate "2014.11.20"]
[SourceQuality "1"]

1. e4 d5 2. exd5 Nf6 3. c4 c6 4. d4 cxd5 5. Nc3 Nc6 6. Nf3 e6 7. Bg5 Be7 8. c5 Bd7 9. Be2 0-0 10. a3 Rc8 11. 0-0 Ne4 12. Bxe7 Qxe7 13. Qc2 Nxc3 14. Qxc3 f6 15. Rfe1 Kh8 16. Bb5 Nb8 17. Bxd7 Qxd7 18. b4 a6 19. Qd2 Rfe8 20. Re3 Re7 21. Rae1 Rce8 22. R3e2 Nc6 23. Qf4 Nd8 24. h4 Qc7 25. Qg4 e5 26. dxe5 fxe5 27. Qf5 Nf7 28. Ng5 Nxg5 29. Qxg5 d4 30. Qf5 Rf7 31. Rxe5 Rxe5 32. Rxe5 g6 33. Qe4 Rd7 34. g3 Kg8 35. Rd5 Rxd5 36. Qxd5+ Kf8 37. Qxd4 Kg8 38. Qd5+ Kg7 39. a4 Kf8 40. Kg2 Ke7 41. b5 a5 42. h5 Qd7 43. Qxd7+ Kxd7 44. hxg6 hxg6 45. Kf3 Ke6 46. Ke4 g5 47. f4 gxf4 48. gxf4 1-0

[Event "NED-ch U15"]
[Site "Haarlem"]
[Date "2012.05.06"]
[Round "9"]
[White "Beerdsen, Thomas"]
[Black "Corstjens, Rolf"]
[Result "1-0"]
[WhiteElo "2130"]
[BlackElo "1638"]
[PlyCount "65"]
[EventDate "2012.04.28"]
[EventType "swiss"]
[EventRounds "9"]
[EventCountry "NED"]
[SourceTitle "EXT 2013"]
[Source "ChessBase"]
[SourceDate "2012.11.22"]
[SourceVersion "1"]
[SourceVersionDate "2012.11.22"]
[SourceQuality "1"]

1. e4 e6 2. d4 d5 3. Nc3 Bb4 4. e5 c5 5. a3 Bxc3+ 6. bxc3 Ne7 7. Qg4 0-0 8. Bd3 Ng6 9. Nf3 c4 10. Bxg6 fxg6 11. h4 Qa5 12. Bd2 Rf5 13. Ng5 Qc7 14. h5 h6 15. hxg6 Qe7 16. Nf7 Kf8 17. Nd6 Nc6 18. Nxf5 exf5 19. Qf4 Ke8 20. a4 Qe6 21. Qf3 Ne7 22. Bc1 Nxg6 23. Ba3 Bd7 24. Bd6 Nh8 25. Qg3 g5 26. f4 Nf7 27. Kd2 Nxd6 28. exd6 Qxd6 29. Rae1+ Kf7 30. Re5 g4 31. Qh4 Rh8 32. Rhe1 a6 33. Qe7+ 1-0

[Event "NED-ch U15"]
[Site "Haarlem"]
[Date "2012.05.04"]
[Round "7"]
[White "Corstjens, Rolf"]
[Black "Haver, Sjoerd"]
[Result "1-0"]
[WhiteElo "1638"]
[BlackElo "1646"]
[PlyCount "65"]
[EventDate "2012.04.28"]
[EventType "swiss"]
[EventRounds "9"]
[EventCountry "NED"]
[SourceTitle "EXT 2013"]
[Source "ChessBase"]
[SourceDate "2012.11.22"]
[SourceVersion "1"]
[SourceVersionDate "2012.11.22"]
[SourceQuality "1"]

1. e4 c6 2. d4 d5 3. e5 Bf5 4. f4 e6 5. Nf3 h5 6. c3 Nh6 7. Nbd2 c5 8. dxc5 Bxc5 9. Nb3 Qb6 10. Nxc5 Qxc5 11. Nd4 Bg6 12. Bb5+ Ke7 13. Be3 Qc7 14. c4 Nf5 15. Nxf5+ Bxf5 16. cxd5 exd5 17. Qxd5 Rc8 18. 0-0 Be6 19. Qf3 Bg4 20. Qe4 Nd7 21. h3 Nc5 22. Qh7 Bd7 23. Bxd7 Qxd7 24. Qxg7 Ne4 25. f5 Qd3 26. Bg5+ Nxg5 27. Qxg5+ Kf8 28. Rad1 Qb5 29. f6 Qb6+ 30. Kh1 Qb4 31. Rd6 Qxb2 32. Qg7+ Ke8 33. Qg8# 1-0

[Event "NED-ch U15"]
[Site "Haarlem"]
[Date "2012.05.02"]
[Round "5"]
[White "Leeftink, Gerbert"]
[Black "Corstjens, Rolf"]
[Result "0-1"]
[WhiteElo "1584"]
[BlackElo "1638"]
[PlyCount "80"]
[EventDate "2012.04.28"]
[EventType "swiss"]
[EventRounds "9"]
[EventCountry "NED"]
[SourceTitle "EXT 2013"]
[Source "ChessBase"]
[SourceDate "2012.11.22"]
[SourceVersion "1"]
[SourceVersionDate "2012.11.22"]
[SourceQuality "1"]

1. d4 Nf6 2. c4 g6 3. Nf3 Bg7 4. Nc3 d6 5. e3 0-0 6. Bd3 Nc6 7. 0-0 Bg4 8. Be2 Nd7 9. h3 Bxf3 10. Bxf3 e5 11. d5 Ne7 12. e4 f5 13. Bg5 Nf6 14. Qd2 fxe4 15. Bxe4 Qd7 16. Bf3 Nf5 17. Bxf6 Rxf6 18. Bg4 Qe7 19. Ne4 Rff8 20. Qg5 Qf7 21. Qc1 Bh6 22. Qe1 Nd4 23. Rd1 Kh8 24. Ng3 Bf4 25. Ne2 Nxe2+ 26. Qxe2 h5 27. Be6 Qf6 28. Rd3 Qg7 29. Qe4 Rf6 30. g3 Bh6 31. f4 Raf8 32. f5 Bf4 33. Rff3 gxf5 34. Qe1 e4 35. Rxf4 exd3 36. Rh4 Qg5 37. Kh2 Kg7 38. b3 d2 39. Qd1 f4 40. Rxh5 fxg3+ 0-1

[Event "NED-ch U15"]
[Site "Haarlem"]
[Date "2012.05.01"]
[Round "4"]
[White "Corstjens, Rolf"]
[Black "Chang, Hawkie"]
[Result "1-0"]
[WhiteElo "1638"]
[BlackElo "1591"]
[PlyCount "97"]
[EventDate "2012.04.28"]
[EventType "swiss"]
[EventRounds "9"]
[EventCountry "NED"]
[SourceTitle "EXT 2013"]
[Source "ChessBase"]
[SourceDate "2012.11.22"]
[SourceVersion "1"]
[SourceVersionDate "2012.11.22"]
[SourceQuality "1"]

1. e4 c5 2. Nc3 e6 3. f4 a6 4. Nf3 d5 5. d3 dxe4 6. Nxe4 Nf6 7. Be3 Nc6 8. c3 Nxe4 9. dxe4 Qc7 10. e5 Be7 11. Qc2 f6 12. exf6 Bxf6 13. Bd3 g6 14. 0-0-0 b5 15. Ng5 0-0 16. h4 Ne7 17. h5 Nf5 18. Bxf5 exf5 19. hxg6 hxg6 20. Rh7 Qc6 21. Rdh1 Bb7 22. R1h6 Bxg5 23. fxg5 Rfe8 24. Qd2 Rad8 25. Rh8+ Kf7 26. R6h7+ Ke6 27. Rxe8+ Qxe8 28. Qf2 Rd7 29. Rh6 Kf7 30. Bxc5 Qe4 31. Rh7+ Ke6 32. Rh6 Kf7 33. Qg3 Qd3 34. Qxd3 Rxd3 35. Rh7+ Ke8 36. Rxb7 Rg3 37. Re7+ Kd8 38. Re2 Kd7 39. Be7 Rg4 40. Bf6 Ra4 41. b3 Rg4 42. Kd2 Kd6 43. Ke3 a5 44. Kf3 a4 45. Rd2+ Kc6 46. Rd4 axb3 47. axb3 Rxd4 48. Bxd4 Kd5 49. Bg7 1-0

[Event "NED-ch U13"]
[Site "Rijswijk"]
[Date "2011.06.02"]
[Round "3"]
[White "Beukema, Jasper"]
[Black "Corstjens, Rolf"]
[Result "1-0"]
[WhiteElo "1429"]
[BlackElo "1677"]
[PlyCount "141"]
[EventDate "2011.06.02"]
[EventType "swiss"]
[EventRounds "9"]
[EventCountry "NED"]
[SourceTitle "EXT 2012"]
[Source "ChessBase"]
[SourceDate "2011.11.24"]
[SourceVersion "1"]
[SourceVersionDate "2011.11.24"]
[SourceQuality "1"]

1. e4 e6 2. d4 d5 3. exd5 exd5 4. Nf3 Be6 5. Be2 Nf6 6. 0-0 Bd6 7. Re1 0-0 8. Bg5 Nc6 9. Nc3 Re8 10. Qd2 Be7 11. Bb5 a6 12. Ba4 b5 13. Ne5 Na5 14. Bb3 b4 15. Na4 Ne4 16. Bxe7 Qxe7 17. Qf4 c5 18. Nxc5 Nxc5 19. dxc5 Nxb3 20. cxb3 Qxc5 21. Nd3 Qc2 22. Nxb4 Qxb2 23. Rab1 Qf6 24. Qxf6 gxf6 25. Rbc1 a5 26. Nc6 Kg7 27. Nd4 Bd7 28. f3 Rxe1+ 29. Rxe1 Re8 30. Rxe8 Bxe8 31. Nf5+ Kf8 32. Kf2 Bd7 33. Nd6 Ke7 34. Nb7 a4 35. bxa4 Bxa4 36. Ke3 Bc6 37. Na5 Ba8 38. Kd4 Kd6 39. a4 Ke6 40. g4 f5 41. g5 f4 42. Nb3 Kf5 43. h4 f6 44. gxf6 Kxf6 45. Kc5 Ke5 46. a5 Ke6 47. a6 Ke5 48. a7 h5 49. Nd4 Bb7 50. Kb6 Ba8 51. Kc5 Bb7 52. Nc6+ Kf6 53. Kd6 Ba8 54. Kc7 Kf5 55. Nd4+ Ke5 56. Kb8 Kxd4 57. Kxa8 Ke3 58. Kb7 Kxf3 59. a8Q d4 60. Kb6+ Ke3 61. Qe8+ Kf2 62. Qe4 f3 63. Qxd4+ Kg2 64. Qe4 Kg3 65. Qe1+ Kg2 66. Qe4 Kg3 67. Qe3 Kg2 68. Qg5+ Kh1 69. Qxh5 f2 70. Qd1+ Kg2 71. h5 1-0